| 000 | 01255cas a2200397 a 4500 | ||
|---|---|---|---|
| 003 | OSt | ||
| 005 | 20241216131150.0 | ||
| 008 | 090404d19581978cc wr p 0 a0eng | ||
| 040 | _cEG-GiCUS | ||
| 043 | _aa-cc--- | ||
| 082 | _a951.05. | ||
| 092 | 0 | 4 |
_a951.05 _bP379 _221 |
| 099 |
_a04 _a951.05 P379 |
||
| 222 | 0 |
_aPeking review = _bBeijing zhou bao |
|
| 245 | 0 | 0 |
_aPeking review = _bBeijing zhou bao. |
| 246 | 1 | 1 | _aBeijing zhou bao |
| 300 |
_a21 v. : _bill., maps ; _c26-31 cm. |
||
| 310 | _aWeekly | ||
| 336 |
_atext _2rda content |
||
| 337 |
_aUnmediated _2rdamedia |
||
| 338 |
_avolume _2rdacarrier |
||
| 362 | 0 | _a[Vol. 1, no. 1] (Mar. 4, 1958)-[v. 21], no. 52 (Dec. 29, 1978). | |
| 500 | _aLast issue consulted. | ||
| 500 | _aTitle from cover. | ||
| 541 | _aGift | ||
| 546 | _aIn English. | ||
| 650 | 0 |
_aCommunism _zChina _vPeriodicals. |
|
| 651 | 0 |
_aChina _xForeign relations _vPeriodicals. |
|
| 651 | 0 |
_aChina _xHistory _y1949- _vPeriodicals. |
|
| 651 | 0 |
_aChina _xPolitics and government _vPeriodicals. |
|
| 780 | 0 | 2 |
_tPeople's China _x0479-9992 _w(DLC) 52017258 _w(OCoLC)1762076 |
| 785 | 0 | 0 |
_tBeijing review _x1000-9140 _w(DLC) 79646655 _w(OCoLC)4550608 |
| 905 |
_aamr _eRev. |
||
| 905 |
_aHala _eCat. |
||
| 942 |
_cCR _n0 |
||
| 999 |
_c109713 _d109713 |
||